[Event "Mistrzostwa Polski Juniorow do lat 18 - Chlopcy"]
[Site "Jastrzebia Gora"]
[Date "1899-12-30"]
[Round "9.7"]
[White "Luberanski, Jakub"]
[Black "Czernek, Tymon"]
[Result "0-1"]
[WhiteTitle "FM"]
[BlackTitle "FM"]
[WhiteElo "2242"]
[BlackElo "2314"]

1. Nf3 Nf6 2. b3 g6 3. Bb2 Bg7 4. g3 b6 5. Bg2 Bb7 6. O-O O-O 7. c4 c5 8. d4 cxd4
9. Nxd4 Bxg2 10. Kxg2 d5 11. cxd5 Qxd5+ 12. Nf3 Qb7 13. Nbd2 Rd8 14. Qc2 Nc6 15.
Rad1 Rac8 16. Qb1 Nd4 17. Bxd4 Rxd4 18. Nc4 Rxd1 19. Rxd1 b5 20. Nce5 Nd5 21.
Qe4 e6 22. Nd3 Qe7 23. Rd2 f5 24. Qh4 Bf6 25. Qh6 Bg7 26. Qh4 Bf6 27. Qh6 a5 28.
h4 Bg7 29. Qg5 Qf8 30. h5 Bf6 0-1

[Event "Mistrzostwa Polski Juniorow do lat 18 - Chlopcy"]
[Site "Jastrzebia Gora"]
[Date "1899-12-30"]
[Round "9.8"]
[White "Zdybel, Przemyslaw"]
[Black "Madajczak, Piotr"]
[Result "1-0"]
[WhiteTitle "I++"]
[BlackTitle "I+"]
[WhiteElo "2268"]
[BlackElo "1897"]

1. d4 Nf6 2. c4 e6 3. Nc3 Bb4 4. e3 b6 5. Nge2 O-O 6. a3 Be7 7. e4 d6 8. g3 Bb7
9. Bg2 Nbd7 10. O-O e5 11. d5 Ne8 12. b4 a5 13. Rb1 Bg5 14. f4 Bh6 15. Bb2 Nef6
16. Qd3 Re8 17. Nd1 g6 18. Nf2 Bg7 19. Bc1 Qe7 20. Nc3 Rec8 21. Bh3 Re8 22. f5
h6 23. fxg6 fxg6 24. Nb5 Nf8 25. Be3 Bc8 26. Bxc8 Rexc8 27. c5 bxc5 28. bxc5 dxc5
29. Qc4 Kh7 30. Bxc5 Qd7 31. Na7 Rcb8 32. Rxb8 Rxb8 33. Nc6 Rb2 34. Nxe5 Qb5 35.
Bxf8 Bxf8 36. Qxc7+ Bg7 37. Qf7 Qc5 38. Qxg6+ Kg8 39. Ned3 Qxf2+ 40. Nxf2 1-0

[Event "Mistrzostwa Polski Juniorow do lat 18 - Chlopcy"]
[Site "Jastrzebia Gora"]
[Date "1899-12-30"]
[Round "9.9"]
[White "Wojdak, Jan"]
[Black "Stachecki, Mikolaj"]
[Result "1/2-1/2"]
[WhiteTitle "k"]
[BlackTitle "I++"]
[WhiteElo "2097"]
[BlackElo "2015"]

1. e4 c5 2. Nf3 Nc6 3. b4 cxb4 4. d4 d5 5. exd5 Qxd5 6. c4 Qe4+ 7. Be3 Bf5 8. d5
Ne5 9. Nbd2 Nxf3+ 10. Nxf3 Qc2 11. Qd4 Nf6 12. c5 O-O-O 13. d6 Qc3+ 14. Bd2 Qxd4
15. Nxd4 Be4 16. Rc1 exd6 17. c6 bxc6 18. Nxc6 Bxc6 19. Bb5 d5 20. Rxc6+ Kb7 21.
O-O Rd6 22. Rfc1 Rxc6 23. Bxc6+ Ka6 24. Be3 Be7 25. Bd4 Rd8 26. Kf1 g6 27. Ke2
Ne8 28. Rb1 Nc7 29. a4 Ne6 30. Kd3 Nxd4 31. Kxd4 Kb6 32. Bxd5 Bc5+ 33. Kc4 a5
34. f3 f5 35. Re1 Bd6 1/2-1/2

[Event "Mistrzostwa Polski Juniorow do lat 18 - Chlopcy"]
[Site "Jastrzebia Gora"]
[Date "1899-12-30"]
[Round "9.10"]
[White "Ciszewski, Krzysztof"]
[Black "Biesiadecki, Adam"]
[Result "1-0"]
[WhiteTitle "I++"]
[BlackTitle "I"]
[WhiteElo "2047"]
[BlackElo "1761"]

1. d4 Nf6 2. c4 e6 3. Nc3 Bb4 4. e3 b6 5. f3 O-O 6. e4 d5 7. cxd5 exd5 8. e5 Nfd7
9. f4 c5 10. a3 Ba5 11. Nf3 Nc6 12. Bb5 Bb7 13. O-O a6 14. Bd3 g6 15. Ne2 b5 16.
b4 cxb4 17. f5 Bb6 18. Kh1 Qe7 19. f6 Qd8 20. Qd2 Nxf6 21. exf6 Qxf6 22. axb4
1-0

[Event "Mistrzostwa Polski Juniorow do lat 18 - Chlopcy"]
[Site "Jastrzebia Gora"]
[Date "1899-12-30"]
[Round "9.11"]
[White "Jedraszek, Pawel"]
[Black "Kolodziejski, Piotr"]
[Result "1/2-1/2"]
[WhiteTitle "I+"]
[BlackTitle "k"]
[WhiteElo "1944"]
[BlackElo "2118"]

1. e4 c5 2. Nf3 d6 3. d4 cxd4 4. Nxd4 Nf6 5. Nc3 a6 6. Bg5 e6 7. f4 b5 8. Bd3 Nbd7
9. Qe2 Qb6 10. Nf3 Bb7 11. e5 Nd5 12. Nxd5 Bxd5 13. Bh4 dxe5 14. fxe5 Nc5 15.
Bf2 Nxd3+ 16. Qxd3 Qa5+ 17. c3 Be7 18. O-O O-O 19. Rfe1 Qc7 20. Bd4 Qb7 21. a3
Rac8 22. Qe3 a5 23. Re2 Qc6 24. Ng5 h6 25. Nh3 Rfd8 26. Nf4 Bg5 27. Qg3 Be4 28.
h4 Be7 29. Nh5 Bg6 30. Nf4 Bf5 31. Nh5 Bg6 32. Nf4 Bf5 33. Nh5 Bf8 34. Rf1 Bg6
35. Nf4 Bf5 36. Nh5 Bg6 37. Nf4 Bf5 38. Nh5 Kh7 39. Rd2 Bg6 40. Nf4 Bf5 41. Nh5
Bg6 42. Nf4 Bf5 43. Nh5 Rd7 44. Qf4 Bg6 45. Ng3 Kh8 46. Rfd1 Rcd8 47. Kh2 Qc4
48. Ne2 f6 49. g3 1/2-1/2

[Event "Mistrzostwa Polski Juniorow do lat 18 - Chlopcy"]
[Site "Jastrzebia Gora"]
[Date "1899-12-30"]
[Round "9.12"]
[White "Dziendziel, Mateusz"]
[Black "Syrkiewicz, Michal"]
[Result "1-0"]
[WhiteTitle "I++"]
[BlackTitle "k"]
[WhiteElo "2084"]
[BlackElo "2000"]

1. e4 c5 2. Nf3 e6 3. g3 Nc6 4. Bg2 Nf6 5. Qe2 e5 6. O-O Be7 7. c3 O-O 8. Na3 Re8
9. d3 h6 10. Nc4 Bf8 11. h3 d6 12. Ne3 d5 13. Nh4 d4 14. Nd5 Nxd5 15. exd5 Ne7
16. c4 g5 17. Nf3 Ng6 18. Re1 Bd7 19. Nh2 Rb8 20. a4 f5 21. Qh5 Qf6 22. Bd2 b6
23. b3 Re7 24. f4 gxf4 25. gxf4 Be8 26. Qe2 Nxf4 27. Bxf4 exf4 28. Qf2 Re3 29.
Qxf4 Bd6 30. Ng4 Qg6 31. Qxf5 Re7 32. Rxe7 Bxe7 33. Re1 Bg5 34. Qe5 Rd8 35. Rf1
Bf7 36. Nf6+ Bxf6 37. Rxf6 Qxd3 38. Rxh6 Qe3+ 39. Qxe3 dxe3 40. Kf1 Re8 41. Bf3
Kg7 42. Rc6 Bg6 43. Ke1 Bc2 44. Bd1 Bf5 45. Bg4 Bc2 46. Bd1 Bf5 47. Bg4 Bc2 48.
d6 Rd8 49. d7 Kf7 50. a5 Bxb3 51. axb6 axb6 52. Be6+ Ke7 53. Rxb6 Ba4 54. Bg4
Ra8 55. Re6+ Kf7 56. Ra6 Rxa6 57. d8=Q 1-0

[Event "Mistrzostwa Polski Juniorow do lat 18 - Chlopcy"]
[Site "Jastrzebia Gora"]
[Date "1899-12-30"]
[Round "9.13"]
[White "Budzisz, Adrian"]
[Black "Smetek, Michal"]
[Result "1/2-1/2"]
[WhiteTitle "k"]
[BlackTitle "I+"]
[WhiteElo "2069"]
[BlackElo "1787"]

1. e4 c6 2. d4 d5 3. e5 c5 4. dxc5 e6 5. a3 Bxc5 6. Qg4 Bf8 7. b4 h5 8. Qg3 g6
9. Bd3 Bg7 10. Nf3 Ne7 11. Bg5 Qc7 12. O-O O-O 13. Re1 Re8 14. Nbd2 Nd7 15. Bf4
Nb6 16. Ng5 Bd7 17. Ndf3 a6 18. Qh3 Bb5 19. Nxf7 Bxd3 20. cxd3 Kxf7 21. Ng5+ Kg8
22. Qxe6+ Kh8 23. Qf7 Rf8 24. Qxg7+ Kxg7 25. Ne6+ Kg8 26. Nxc7 Rxf4 27. Nxa8 Nxa8
28. Rac1 Nc6 29. g3 Rf8 30. e6 Re8 31. Rc5 Nc7 32. Kg2 Kf8 33. e7+ Rxe7 34. Rxe7
Kxe7 35. f4 Kd6 36. Rc1 d4 37. g4 Nd5 38. Kf3 hxg4+ 39. Kxg4 Nd8 40. Kg5 Ne6+
41. Kxg6 Nexf4+ 42. Kf5 Nxd3 43. Rg1 N3f4 44. Ke4 d3 45. Rf1 Ke6 46. h4 Kf6 47.
Rf2 1/2-1/2

[Event "Mistrzostwa Polski Juniorow do lat 18 - Chlopcy"]
[Site "Jastrzebia Gora"]
[Date "1899-12-30"]
[Round "9.14"]
[White "Kitewski, Bartosz"]
[Black "Wilk, Igor"]
[Result "1/2-1/2"]
[WhiteTitle "I++"]
[BlackTitle "I++"]
[WhiteElo "1968"]
[BlackElo "2058"]

1. d4 Nf6 2. c4 c5 3. d5 b5 4. cxb5 a6 5. b6 g6 6. Nc3 Bg7 7. Nf3 O-O 8. e4 d6
9. h3 Qxb6 10. Bc4 Qb4 11. Nd2 Nbd7 12. O-O Qb7 13. Re1 Nb6 14. Bf1 e6 15. Nc4
exd5 16. Nxd6 Qc6 17. Nxc8 Rfxc8 18. exd5 Nfxd5 19. Nxd5 Qxd5 20. Qc2 a5 21. Bd2
Rd8 22. Bf4 Rac8 23. Rad1 Bd4 24. Ba6 Ra8 25. Be2 Rac8 26. Ba6 Ra8 27. Be2 Rac8
28. Ba6 Ra8 1/2-1/2

[Event "Mistrzostwa Polski Juniorow do lat 18 - Chlopcy"]
[Site "Jastrzebia Gora"]
[Date "1899-12-30"]
[Round "9.15"]
[White "Pisarek, Jan"]
[Black "Grzesik, Gracjan"]
[Result "0-1"]
[WhiteTitle "I"]
[BlackTitle "k"]
[WhiteElo "1931"]
[BlackElo "2149"]

1. e4 c5 2. Nf3 d6 3. d4 cxd4 4. Nxd4 Nf6 5. Nc3 a6 6. Nb3 e5 7. Bg5 Be6 8. Bxf6
Qxf6 9. Na5 Nc6 10. Nc4 Qd8 11. Ne3 Be7 12. Ncd5 O-O 13. g3 Bg5 14. Bg2 Qa5+ 15.
c3 Bxe3 16. Nxe3 Rfd8 17. O-O b5 18. Qd3 b4 19. c4 Qc5 20. Rfd1 Rac8 21. b3 a5
22. h4 a4 23. Kh2 Ra8 24. Rab1 axb3 25. axb3 Ra2 26. Rd2 Rxd2 27. Qxd2 Qd4 28.
Rd1 Qxd2 29. Rxd2 Nd4 30. Rb2 Ra8 31. Nc2 Nxc2 32. Rxc2 Kf8 33. Bh3 Bxh3 34. Kxh3
Ra3 35. Rb2 h5 36. Kg2 Ke7 37. Kf3 Kd7 38. Ke3 Kc6 39. Rb1 Kc5 40. Rb2 g6 41.
f3 Kb6 42. g4 f6 43. gxh5 gxh5 44. f4 Kc5 45. f5 Ra1 46. Rg2 Rb1 47. Rg6 Rxb3+
48. Kd2 Kxc4 49. Rxf6 Kd4 50. Rxd6+ Kxe4 51. f6 Rf3 52. Rb6 b3 53. Ke2 Rf5 54.
Rb4+ Kd5 55. Rxb3 Rxf6 56. Rb4 Rf4 57. Rxf4 exf4 58. Kf3 Ke5 0-1

[Event "Mistrzostwa Polski Juniorow do lat 18 - Chlopcy"]
[Site "Jastrzebia Gora"]
[Date "1899-12-30"]
[Round "9.17"]
[White "Kossowski, Pawel"]
[Black "Karut, Kacper"]
[Result "1/2-1/2"]
[WhiteTitle "I"]
[BlackTitle "I"]
[WhiteElo "1766"]
[BlackElo "1904"]

1. e4 c5 2. Nf3 Nc6 3. d4 cxd4 4. Nxd4 Nf6 5. Nc3 d6 6. Bc4 e6 7. Be3 Be7 8. O-O
O-O 9. Bb3 Nxd4 10. Qxd4 Bd7 11. Rad1 Bc6 12. h3 Qc7 13. f4 b5 14. f5 e5 15. Qd3
b4 16. Nd5 Bxd5 17. Bxd5 Nxd5 18. Qxd5 Qxc2 19. Rd2 Qc7 20. g4 Qd8 21. Rg2 Bg5
22. Bxg5 Qxg5 23. f6 g6 24. Qxd6 Qe3+ 25. Kh2 Rad8 26. Qxe5 Rd3 27. Qf4 Qxh3+
28. Kg1 Qe3+ 29. Qf2 Re8 30. Re1 Qh6 31. g5 Qh5 32. Qe2 Rh3 33. Qxh5 Rxh5 34.
Rd1 Rh4 35. Rd7 a5 36. Ra7 Rhxe4 37. Rxa5 h6 38. gxh6 Re1+ 39. Kh2 R8e6 40. Rb5
R1e4 41. Rf2 Re2 42. Kg2 Rxf2+ 43. Kxf2 Rxf6+ 44. Kg3 Ra6 45. Rxb4 Rxa2 46. Rb7
Ra8 47. Kg4 Ra4+ 48. b4 Ra1 49. h7+ Kxh7 50. Rxf7+ Kh6 51. b5 Rb1 52. Rb7 Rb4+
53. Kg3 Kg5 54. b6 Rb3+ 55. Kf2 Kg4 56. Rb8 Rb2+ 1/2-1/2

[Event "Mistrzostwa Polski Juniorow do lat 18 - Chlopcy"]
[Site "Jastrzebia Gora"]
[Date "1899-12-30"]
[Round "9.18"]
[White "Zeissel, Andrzej"]
[Black "Kozlowski, Franciszek"]
[Result "1-0"]
[WhiteTitle "I"]
[BlackTitle "I+"]
[WhiteElo "1717"]
[BlackElo "1829"]

1. e4 c6 2. d4 d5 3. f3 e6 4. Nc3 Nf6 5. e5 Nfd7 6. f4 c5 7. Nf3 Nc6 8. Be3 cxd4
9. Nxd4 a6 10. Be2 Bc5 11. Qd2 Ndxe5 12. O-O-O Nc4 13. Bxc4 dxc4 14. Nxc6 Qxd2+
15. Bxd2 bxc6 16. Ne4 Be7 17. Bc3 f6 18. Nd6+ Bxd6 19. Rxd6 Bd7 20. Rhd1 Ra7 21.
Bd4 Rb7 22. Bc5 g5 23. fxg5 fxg5 24. R1d4 Rg8 25. Rxc4 Rg6 26. Ra4 e5 27. Rxg6
hxg6 28. Rxa6 Rb5 29. b4 Kf7 30. Ra8 Ke6 31. Rd8 Kd5 1-0

[Event "Mistrzostwa Polski Juniorow do lat 18 - Chlopcy"]
[Site "Jastrzebia Gora"]
[Date "1899-12-30"]
[Round "9.21"]
[White "Sternik, Piotr"]
[Black "Malik, Maciej"]
[Result "1/2-1/2"]
[WhiteTitle "I"]
[BlackTitle "k"]
[WhiteElo "1746"]
[BlackElo "2163"]

1. d4 Nf6 2. c4 g6 3. Nc3 Bg7 4. e4 d6 5. Be2 O-O 6. Nf3 e5 7. O-O Nc6 8. Be3 Ng4
9. Bg5 f6 10. Bh4 g5 11. Bg3 Nh6 12. dxe5 fxe5 13. Nd5 Bg4 14. Nd2 Bxe2 15. Qxe2
Nd4 16. Qh5 Ne6 17. Qd1 c6 18. Ne3 Qe8 19. Nf3 Rd8 20. Qa4 Nc5 21. Qc2 Qg6 22.
Nd2 Ne6 23. Qa4 Nc5 24. Qc2 b6 25. b4 Ne6 26. Qa4 Nd4 27. Rfe1 a6 28. Rac1 Qh5
29. Qd1 Qg6 30. Qa4 Qh5 31. Qd1 1/2-1/2

[Event "Mistrzostwa Polski Juniorow do lat 18 - Chlopcy"]
[Site "Jastrzebia Gora"]
[Date "1899-12-30"]
[Round "9.22"]
[White "Wesolek, Krzysztof"]
[Black "Kotowicz, Kamil"]
[Result "1/2-1/2"]
[WhiteTitle "I+"]
[BlackTitle "I"]
[WhiteElo "1765"]
[BlackElo "1828"]

1. b3 c5 2. Bb2 Nc6 3. e3 Nf6 4. Nf3 g6 5. Be2 Bg7 6. O-O O-O 7. c4 Re8 8. d4 cxd4
9. exd4 d5 10. Nbd2 b6 11. Ne5 Nxe5 12. dxe5 Nd7 13. Nf3 dxc4 14. Bxc4 Nc5 15.
Qe2 Be6 16. Bb5 Bd7 17. Rfd1 Bxb5 18. Qxb5 a6 19. Qe2 Qc7 20. Rac1 Qb7 21. Ba3
Ne6 22. Qe3 Red8 23. h3 h5 24. Nd4 Nxd4 25. Rxd4 b5 26. Rcd1 Qc7 27. Rxd8+ Rxd8
28. Rxd8+ Qxd8 29. e6 Bf6 30. exf7+ Kxf7 31. Bc5 Qd1+ 32. Kh2 Qc2 33. a3 Qf5 34.
Bd4 Qe6 35. Bxf6 Qxe3 36. fxe3 exf6 37. Kg3 Ke6 38. Kf4 Kd5 39. g3 a5 40. g4 hxg4
41. hxg4 a4 42. bxa4 bxa4 43. e4+ Kd4 44. g5 fxg5+ 45. Kxg5 Kxe4 46. Kxg6 Kd3
47. Kf5 Kc2 48. Ke4 Kb2 49. Kd3 Kxa3 50. Kc3 Ka2 51. Kc2 a3 52. Kc1 Ka1 53. Kc2
a2 54. Kc1 1/2-1/2